00645nam a2200193 a 450000100100000000500170001000800410002702000150006804000250008310000310010824500460013926000570018530000200024249000140026253300320027683000210030895201050032999900170043400004050420201002034156.0130826s2005 mx 000 0 spa d a9703216412 aDO-SdBNPbspacBNPHU1 aUslar Pietri, Arturo9922413aLa misa del gallo /cArturo Uslar Pietri. aMéxico :bUniversidad Nacional de México,c2005. a32 p. :b22 cm.1 aLunesv30 aFacsímil:bMéxicod1947 0aLunesn30966815 001050718MOaGRbGRcCTd2013-08-26iLF1l0o p40504-10r2020-06-25w2020-06-25y1ZNo se presta c39994d39994